The Boulez-Cage Correspondence : (Record no. 585252)

MARC details
000 -LEADER
fixed length control field 00503nam a2200193 a 4500
008 - FIXED-LENGTH DATA ELEMENTS--GENERAL INFORMATION
fixed length control field 250903s1993##################000#0#eng##
020 ## - INTERNATIONAL STANDARD BOOK NUMBER
ISBN 9780521485586
082 04 - DEWEY DECIMAL CLASSIFICATION NUMBER
Classification number 780.92
Item number NAT
100 1# - MAIN ENTRY--AUTHOR NAME
Personal name Boulez, Pierre,
245 10 - TITLE STATEMENT
Title The Boulez-Cage Correspondence :
260 ## - PUBLICATION, DISTRIBUTION, ETC. (IMPRINT)
Name of publisher Cambridge University Press,
Year of publication 1993.
300 ## - PHYSICAL DESCRIPTION
Number of Pages 192 pages
650 #0 - SUBJECT ADDED ENTRY--TOPICAL TERM
Topical Term Biography & Autobiography.
942 ## - ADDED ENTRY ELEMENTS (KOHA)
Koha item type English Books
Holdings
Withdrawn status Lost status Damaged status Not for loan Home library Current library Shelving location Date acquired Full call number Accession Number Price effective from Koha item type
        Anna Centenary Library Anna Centenary Library 6TH FLOOR, B WING 03.09.2025 780.92 NAT 102501 03.09.2025 English Books

Find us on the map